La novela contemporánea centroamericana : la obra de Sergio Ramírez Mercado /
Guardado en:
| Hovedforfatter: | |
|---|---|
| Format: | Ukendt |
| Sprog: | Spanish |
| Udgivet: |
San José, Costa Rica :
Ediciones Perro Azul,
2006.
|
| Fag: | |
| Tags: |
Tilføj Tag
Ingen Tags, Vær først til at tagge denne postø!
|
MARC
| LEADER | 000000000a22000000004500 | ||
|---|---|---|---|
| 001 | 010534 | ||
| 008 | 190325b xxu||||| |||| 00| 0 spa d | ||
| 020 | |a 9968834890 | ||
| 041 | 0 | |a spa | |
| 082 | 0 | 4 | |a N863.4D |b R173v |
| 100 | 1 | |a Vargas, José Ángel | |
| 245 | 1 | 3 | |a La novela contemporánea centroamericana : |b la obra de Sergio Ramírez Mercado / |c José Ángel Vargas. |
| 260 | 1 | |a San José, Costa Rica : |b Ediciones Perro Azul, |c 2006. | |
| 300 | |a 326 páginas ; |c 21 x 14 cm. | ||
| 500 | |a Presentada originalmente como la tesis del autor (doctorado-Ramírez Mercado) bajo el título :Novela centroamericana contemporánea--En esta edición varía el orden de las palabras del título | ||
| 600 | |a RAMIREZ MERCADO, SERGIO (1942-) .TIEMPO DE FULGOR | ||
| 650 | 4 | |a LITERATURA LATINOAMERICANA |x NOVELA | |
| 942 | |c BK |2 ddc | ||
| 999 | |c 16082 |d 16082 | ||



